The spiritual journey : (Record no. 4491)

MARC details
000 -LEADER
fixed length control field 00752 a2200217 4500
010 ## - LCCN (DPL NO)
LC control number ENG-86330
020 ## - INTERNATIONAL STANDARD BOOK NUMBER
International Standard Book Number 8172148984
Terms of availability 110.00
035 ## - SYSTEM CONTROL NUMBER
System control number EN-69863
037 ## - SOURCE OF ACQUISITION
Source of stock number/acquisition DBAD / PUB
082 14 - DEWEY DECIMAL CLASSIFICATION NUMBER
Classification number 280.3
100 1# - MAIN ENTRY--PERSONAL NAME
Personal name Painadath, Sebastian
245 14 - TITLE STATEMENT
Title The spiritual journey :
Remainder of title towards an Indian Christian spirituality /
Statement of responsibility, etc by S. Painadath
260 ## - PUBLICATION, DISTRIBUTION, ETC. (IMPRINT)
Place of publication, distribution, etc Delhi
Name of publisher, distributor, etc Indian Society for Promoting Christian Knowledge
Date of publication, distribution, etc 2006
300 ## - PHYSICAL DESCRIPTION
Extent viii, 112 p.
Dimensions 23 cm. (Pbk)
500 ## - GENERAL NOTE
General note Companion volume to: We are co-pilgrims : towards a culture of inter-religious harmony
650 #0 - SUBJECT ADDED ENTRY--TOPICAL TERM
Topical term or geographic name as entry element Spirituality
650 #0 - SUBJECT ADDED ENTRY--TOPICAL TERM
Topical term or geographic name as entry element Christianity and other religions
650 #0 - SUBJECT ADDED ENTRY--TOPICAL TERM
Topical term or geographic name as entry element Theology
650 #0 - SUBJECT ADDED ENTRY--TOPICAL TERM
Topical term or geographic name as entry element Christianity
Geographic subdivision India
942 ## - ADDED ENTRY ELEMENTS (KOHA)
Institution code [OBSOLETE] dpl
Item type English Books
Source of classification or shelving scheme Dewey Decimal Classification
Classification part 280.3
Call number suffix PAI
Holdings
Withdrawn status Lost status Not for loan Collection code Home library Current library Source of acquisition Cost, normal purchase price Full call number Barcode Copy number Cost, replacement price Koha item type
    Not For Loan Non-fiction D.B.Act.Division D.B.Act.Division DBAD/PUB 110.00 280.3 PAI EN-69863 1 110.00 English Books

© Delhi Public Library
Hit Counter
free hit counter